|
|
|
|
| LEADER |
01843nam a22003852a 4500 |
| 001 |
000136044 |
| 003 |
CZ BrMZK |
| 005 |
20070925100618.0 |
| 007 |
ta |
| 008 |
010907s1986 xr f cze d |
| 015 |
|
|
|a cnb000032230
|
| 035 |
|
|
|a (OCoLC)39402399
|
| 040 |
|
|
|a BOA001
|b cze
|
| 080 |
9 |
|
|a 621.77(075)
|
| 100 |
1 |
|
|a Macháček, Zdeněk
|7 jk01072964
|4 aut
|
| 245 |
1 |
0 |
|a Speciální technologie I :
|b plošné a objemové tváření /
|c Zdeněk Macháček, Karel Novotný
|
| 246 |
3 |
|
|a Plošné a objemové tváření
|
| 250 |
|
|
|a 1. vyd.
|
| 260 |
|
|
|a Brno :
|b Vysoké učení technické,
|c 1986
|
| 300 |
|
|
|a 168 s.
|
| 700 |
1 |
|
|a Novotný, Karel,
|d 1938-
|7 mzk2004148401
|4 aut
|
| 910 |
|
|
|a BOA001
|b TK-A-0230.099
|b 4-0910.963
|
| 920 |
|
|
|a 000082280
|
| 964 |
|
|
|a Objemové tváření - učebnice - vysoké školy
|
| 964 |
|
|
|a Plošné tváření - učebnice - vysoké školy
|
| 964 |
|
|
|a Strojírenské technologie - učebnice - vysoké školy
|
| 990 |
|
|
|a BK
|
| 996 |
7 |
|
|b 2619784907
|c 4-0910.963
|l MZK
|r Sklad / do 1 hodiny
|n 9
|w 000136044
|u 000070
|a 1
|e BOA001
|j MZK50
|s A
|
| 996 |
7 |
|
|b 2629983128
|c TK-A-0230.099
|l MZK
|r Sklad / do 24 hodin
|n 0
|w 000136044
|u 000040
|a 1
|e BOA001
|j MZK50
|s A
|
| 996 |
7 |
|
|b 2629999267
|c TK-A-0230.099
|l MZK
|r Sklad / do 24 hodin
|n 1
|w 000136044
|u 000060
|a 1
|e BOA001
|j MZK50
|s A
|
| 996 |
7 |
|
|b 2629999268
|c TK-A-0230.099
|l MZK
|r Sklad / do 24 hodin
|n 2
|w 000136044
|u 000050
|a 1
|e BOA001
|j MZK50
|s A
|
| 996 |
7 |
|
|b 2629999269
|c TK-A-0230.099
|l MZK
|r Sklad / do 24 hodin
|n 1
|w 000136044
|u 000030
|a 1
|e BOA001
|j MZK50
|s A
|
| 996 |
7 |
|
|b 2629999270
|c TK-A-0230.099
|l MZK
|r Sklad / do 24 hodin
|n 0
|w 000136044
|u 000020
|a 1
|e BOA001
|j MZK50
|s A
|
| 996 |
7 |
|
|b 2629999271
|c TK-A-0230.099
|l MZK
|r Sklad / do 24 hodin
|n 2
|w 000136044
|u 000010
|a 1
|e BOA001
|j MZK50
|s A
|
| 996 |
7 |
|
|b BC-483857
|c 4-0910.963
|l MZK
|r Sklad / do 1 hodiny
|n 0
|w 000136044
|u 000080
|a 1
|e BOA001
|j MZK50
|s A
|